| Поле | Инд. | ПП | Название | Значение |
|---|---|---|---|---|
| Тип записи | a | |||
| Библиографический уровень | m | |||
| 001 | Контрольный номер | 97cd79ca-5515-48d9-8d02-457262c72e80 | ||
| 005 | Дата корректировки | 20140703160700.7 | ||
| 008 | Кодируемые данные | 071109 | ||
| 020 | c | Цена, тираж | б/ц | |
| 040 | a | Служба первич. каталог. | НБ ТвГУ | |
| 041 | a | Код языка текста | rus | |
| 080 | a | Индекс УДК | 81.161.1'367.635(043.3) | |
| a | Индекс УДК | 821.161.1Салтыков-Щедрин.08(043.3) | ||
| 084 | a | Индекс другой классификации/Индекс ББК | Ш141.12-71я031 | |
| a | Индекс другой классификации/Индекс ББК | Ш141.12-212.92я031 | ||
| a | Индекс другой классификации/Индекс ББК | Ш5(2=411.2)52-4Салтыков-Щедрин М.Е.457я031 | ||
| 090 | x | Авторский знак | Г95 | |
| a | Полочн. индекс | Ш141.12 | ||
| 100 | 1_ | a | Автор | Гурьева Наталья Николаевна |
| 245 | 10 | a | Заглавие | Особенности функционирования частицы ВОТ и ее производных в художественных текстах М. Е. Салтыкова-Щедрина |
| b | Продолж. заглавия | дис. ... канд. филол. наук : 10.02.01 | ||
| c | Ответственность | Твер. гос. ун-т | ||
| 260 | 1_ | a | Место издания | Тверь |
| c | Дата издания | 2007 | ||
| 300 | a | Объем | 163 с. | |
| 500 | a | Примечание | На правах рукоп. | |
| 502 | a | Примечание о диссертации | Дис. (канд.) - Твер. гос. ун-т, 2007 | |
| 504 | a | Библиография | Библиогр.: с. 148-163 и в подстроч. примеч. | |
| 583 | a | Действие | Получение впервые 286 09.11.2007 | |
| 650 | a | Основная рубрика | Салтыков-Щедрин, Михаил Евграфович, о нем | |
| 650 | a | Основная рубрика | Русский язык | |
| x | Основная подрубрика | Писателей язык | ||
| x | Основная подрубрика | Части речи | ||
| 650 | a | Основная рубрика | Служебные слова | |
| x | Основная подрубрика | Частицы | ||
| 650 | a | Основная рубрика | Русская литература | |
| x | Основная подрубрика | Язык и стиль | ||
| 653 | a | Ключевые слова | Русский язык | |
| a | Ключевые слова | Части речи | ||
| a | Ключевые слова | Служебные слова | ||
| a | Ключевые слова | Частицы | ||
| a | Ключевые слова | Язык писателей | ||
| a | Ключевые слова | Салтыков-Щедрин | ||
| a | Ключевые слова | Язык Салтыкова-Щедрина | ||
| a | Ключевые слова | Русская литература | ||
| a | Ключевые слова | Писатели | ||
| a | Ключевые слова | Русские писатели | ||
| a | Ключевые слова | Диссертации | ||
| a | Ключевые слова | Персоналии | ||
| a | Ключевые слова | Труды Тверского государственного университета | ||
| 710 | a | Организация/ юрисдикция | Тверской государственный университет | |
| 852 | t | Порядковый номер экземпляра | 1 | |
| p | Инвентарный номер | б/н | ||
| 888 | a | Бесплатные | ||
| 930 | a | Новая/Ретро | диссертации | |
| a | Новая/Ретро | персоналии | ||
| 952 | p | 286.2007 б/ц 1 б/н | ||
| c | Вид литературы | Дис н | ||
| 954 | a | Дата поступления на обработку | 20071112 | |
| 999 | a | Подразделение 2 | ч.з. |